Statistics for Countries and States of the Guianas

Click here to take the quiz!

General Stats

  • This quiz has been taken 63 times
  • The average score is 4 of 7

Answers on the Map

Answers color-coded by a green-red scale on the quiz's map according to % correct below.
 

Answer Stats

Countries% Correct
Guyana
100%
Suriname
100%
French Guiana
85%
Amapá
46%
Bolívar
29%
Amazonas
27%
Delta Amacuro
19%

Score Distribution

Percentile by Number Answered

Percent of People with Each Score

Your Score History

You have not taken this quiz